Small signal analysis of power systems (Record no. 194)
[ view plain ]
| 000 -LEADER | |
|---|---|
| Fixed length control field | 00543nam a2200205 4500 |
| 003 - CONTROL NUMBER IDENTIFIER | |
| Control field | SEACOMEC |
| 005 - DATE AND TIME OF LATEST TRANSACTION | |
| Control field | 20240417124732.0 |
| 008 - FIXED-LENGTH DATA ELEMENTS--GENERAL INFORMATION | |
| Fixed length control field | 231007b |||||||| |||| 00| 0 eng d |
| 020 ## - INTERNATIONAL STANDARD BOOK NUMBER / ISBN | |
| Price | APC 936 |
| 040 ## - CATALOGING SOURCE | |
| Original cataloging agency | SEACOMEC |
| 082 ## - DEWEY DECIMAL CLASSIFICATION NUMBER | |
| Classification number | 621.3191 |
| Book Number | P142 |
| 100 1# - MAIN ENTRY--PERSONAL NAME | |
| Personal name | Pai, M.A. |
| 245 1# - TITLE STATEMENT | |
| Title | Small signal analysis of power systems |
| Statement of responsibility | M.A. Pai, D.P. Sen Gupta and K.R. Padiyar |
| 260 ## - IMPRINT | |
| Place of publication | New Delhi |
| Name of publisher | Narosa |
| Date of publication | 2004 |
| 650 ## - SUBJECT ADDED ENTRY--TOPICAL TERM | |
| Topical term | Applied physics |
| 650 ## - SUBJECT ADDED ENTRY--TOPICAL TERM | |
| Topical term | Transmission |
| 700 1# - ADDED ENTRY--PERSONAL NAME | |
| Personal name | Sen Gupta, D.P. |
| 700 1# - ADDED ENTRY--PERSONAL NAME | |
| Personal name | Padiyar, K.R. |
| 942 ## - ADDED ENTRY ELEMENTS (KOHA) | |
| Koha item type | Books |
| Withdrawn status | Lost status | Source of classification | Damaged status | Not for loan | Home library | Current library | Date acquired | Total Checkouts | Call number | Accession number | Date last seen | Price effective from | Koha item type |
|---|---|---|---|---|---|---|---|---|---|---|---|---|---|
| Dewey Decimal Classification | SEACOM ENGINEERING COLLEGE | SEACOM ENGINEERING COLLEGE | 04/08/2006 | 621.3191 P142 | 5163 | 17/04/2024 | 17/04/2024 | Books |
